Aktuálne otázky menovej politiky a bankovníctva na Slovensku zborník príspevkov z vedeckého seminára
Enregistré dans:
| Collectivités auteurs: | , |
|---|---|
| Format: | Livre |
| Langue: | slovaque |
| Publié: |
Bratislava
Vydavateľstvo EKONÓM
1998
|
| Sujets: | |
| Tags: |
Pas de tags, Soyez le premier à ajouter un tag!
|
MARC
| LEADER | 00000nam$a2200000$$$4500 | ||
|---|---|---|---|
| 001 | 0098081 | ||
| 005 | 20240104091644.4 | ||
| 020 | |a 80-225-1122-6 | ||
| 041 | 0 | |a slo | |
| 044 | |a SK | ||
| 245 | 1 | 0 | |a Aktuálne otázky menovej politiky a bankovníctva na Slovensku |b zborník príspevkov z vedeckého seminára |
| 264 | 1 | |a Bratislava |b Vydavateľstvo EKONÓM |c 1998 | |
| 300 | |a 274 s. | ||
| 610 | 2 | 0 | |a politika menová |
| 610 | 2 | 0 | |a mena |
| 610 | 2 | 0 | |a bankovníctvo |
| 610 | 2 | 0 | |a Slovensko |
| 110 | 2 | |a Aktuálne otázky menovej politiky a bankovníctva na Slovensku. Vedecký seminár | |
| 710 | 2 | |a Katedra peňažníctva NHF EU v Bratislave | |